| 000 | 00685nam a22001815i 4500 | ||
|---|---|---|---|
| 001 | 156066 | ||
| 003 | ES-MaACL | ||
| 005 | 20250823104043.0 | ||
| 008 | 000301s1878 sp |||| | spa d | ||
| 040 |
_aCAM _bspa _cCAM |
||
| 100 | 1 |
_aInzenga, José ( _d1828-1891) _9128190 |
|
| 245 | 1 | 3 |
_aLa música en el templo católico / _cpor José Inzenga. |
| 260 |
_aMadrid : _b[s.n.], _c1878 ( _fimprenta de Fernando Cao) |
||
| 300 |
_a16 p. ; _c21 cm. |
||
| 650 | 7 |
_aMúsica sagrada _2 _9143239 |
|
| 852 |
_aES-MaACL _jT-974-F-2 _z-- Enc. hol., conservando la cub. original _z-- An. ms.: ded. de Antonio Gabriel Ramírez al Ateneo _z-- Enc. en un vol. facticio |
||
| 999 |
_c156066 _d156066 |
||